Las prohibiciones matrimoniales de carácter social en el Imperio Romano.
Saved in:
| 主要作者: | |
|---|---|
| 格式: | 圖書 |
| 語言: | 西班牙语 |
| 出版: |
Pamplona, España
Ediciones Universidad de Navarra (EUNSA),
1973.
|
| 叢編: | Colección Canónica de la Universidad de Navarra.
|
| 主題: | |
| 標簽: |
添加標簽
沒有標簽, 成為第一個標記此記錄!
|
MARC
| LEADER | 00000nam a2200000 a 4500 | ||
|---|---|---|---|
| 001 | UCX2127 | ||
| 003 | CL-VaPUC | ||
| 005 | 20220822114323.0 | ||
| 008 | 910322e19730000SP |||||||||||||||||spa|d | ||
| 999 | |c 223211 |d 223209 | ||
| 020 | |a 84-313-0270-4 | ||
| 040 | |c Pontificia Universidad Católica de Valparaíso | ||
| 082 | 0 | 4 | |a 306.8 FAL 1973 |2 21 |
| 100 | 0 | |a Falcão, Miguel |e autor |9 317936 | |
| 245 | 1 | 4 | |a Las prohibiciones matrimoniales de carácter social en el Imperio Romano. |
| 260 | |a Pamplona, España |b Ediciones Universidad de Navarra (EUNSA), |c 1973. | ||
| 300 | |a 79 páginas. | ||
| 440 | |a Colección Canónica de la Universidad de Navarra. |9 861033 | ||
| 490 | |a Cuadernos, |v 20. | ||
| 500 | |a c.2 Donación Familia Prof. Alejandro Guzmán Brito. | ||
| 583 | |a last modification |c 19910322 00:00:00 |k Rodrigo Vera | ||
| 650 | 0 | |a Matrimonio |2 CL-VaPUC |9 254924 | |
| 651 | 0 | |a Roma |9 255106 | |
| 942 | |c BK |2 ddc |n 0 | ||
| 945 | |d 19910322 00:00:00 | ||
| 952 | |0 0 |1 0 |4 0 |6 306_800000000000000_FAL_1973 |7 0 |8 A |9 218787 |a BIBTEO |b BIBTEO |d 2019-11-15 |i 2876027 |o 306.8 FAL 1973 |p 2876027 |r 2025-04-09 |w 2019-11-15 |y BK |k ICR | ||
| 952 | |0 0 |1 0 |2 ddc |4 0 |6 306_800000000000000_FAL_1973 |7 1 |8 C_AGB |9 581158 |a BIBDER |b BIBDER |d 2022-02-07 |e Donación |i 5645050 |o 306.8 FAL 1973 |p 5645050 |r 2023-01-25 |t 2 |w 2022-02-07 |y BK_US |k AGB | ||